The United States and the problem of recovery after 1893 /

Bibliographic Details
Main Author: White, Gerald T. (Gerald Taylor), 1913-1989
Format: Book
Language:English
Published: University, Ala. : University of Alabama Press, [1982]
Subjects:

MARC

Tag First Indicator Second Indicator Subfields
LEADER 00000cam a22000008a 4500
001 in00000086927
005 20151008064631.0
008 801118s1982 alu b 00110 engm
010 |a  80039558  
020 |a 0817300694 
035 |a (OCoLC)07179282 
035 |9 AAK4527AM 
040 |a DLC  |c DLC  |d m.c.  |d TXA  |d UtOrBLW 
043 |a n-us--- 
049 |a TXAM  |c [1805013] 
050 0 0 |a HC105  |b .W53 
082 0 |a 330.973/087  |2 19 
100 1 |a White, Gerald T.  |q (Gerald Taylor),  |d 1913-1989. 
245 1 4 |a The United States and the problem of recovery after 1893 /  |c Gerald T. White. 
263 |a 8110 
264 1 |a University, Ala. :  |b University of Alabama Press,  |c [1982] 
264 4 |c ©1982 
300 |a x, 160 pages ;  |c 23 cm. 
336 |a text  |b txt  |2 rdacontent 
337 |a unmediated  |b n  |2 rdamedia 
338 |a volume  |b nc  |2 rdacarrier 
500 |a Includes index. 
504 |a Bibliography: pages [145]-155. 
650 0 |a Depressions  |y 1893  |z United States. 
651 0 |a United States  |x Economic conditions  |y 1865-1918. 
651 0 |a United States  |x Economic policy  |y To 1933. 
999 |a MARS 
999 f f |s a47e8115-9078-39a0-bc89-1ba3c0362890  |i 25b87d8f-2ad6-3152-b180-65b693ae0b04  |t 0 
952 f f |p ric  |a Texas A&M University  |b Rellis Campus  |c Joint Library Facility  |d Remote Storage  |t 0  |e HC105 .W53  |h Library of Congress classification  |i unmediated -- volume  |m A14806121348 
998 f f |a HC105 .W53  |t 0  |l Remote Storage